KOHA-Header-6

Chronicles of Jinnah Rafi Foundation 2017 (Record no. 10642)

000 -LEADER
fixed length control field 00298nam a2200109Ia 4500
100 ## - MAIN ENTRY--AUTHOR NAME
Personal name Jinnah Rafi Foundation
245 #0 - TITLE STATEMENT
Title Chronicles of Jinnah Rafi Foundation 2017
260 ## - PUBLICATION, DISTRIBUTION, ETC. (IMPRINT)
Place of publication Lahore
Name of publisher Jinnah Rafi Foundation
Year of publication 2004
300 ## - PHYSICAL DESCRIPTION
Number of Pages 860
942 ## - ADDED ENTRY ELEMENTS (KOHA)
Koha item type Books

No items available.

Powered by Koha